Por buscar el remedio _ : (Record no. 163920)

MARC details
000 -LEADER
campo de control de longitud fija 01055nam a2200193 i 4500
001 - NÚMERO DE CONTROL
campo de control 163920
003 - IDENTIFICADOR DE NÚMERO DE CONTROL
campo de control ES-MaACL
005 - FECHA Y HORA DE LA ÚLTIMA TRANSACCIÓN
campo de control 20230906212834.0
008 - DATOS DE LONGITUD FIJA--INFORMACIÓN GENERAL
campo de control de longitud fija 050722s1872 sp |||| | spa d
100 1# - ENTRADA PRINCIPAL--NOMBRE DE PERSONA
Nombre de persona Romea, Alvaro.
9 (RLIN) 99279
245 10 - MENCIÓN DEL TÍTULO
Título Por buscar el remedio _ :
Resto del título juguete cómico en un acto y en verso /
Mención de responsabilidad, etc. original de Álvaro Romea y Constantino Gil y Luengo.
260 ## - PUBLICACIÓN, DISTRIBUCIÓN, ETC.
Lugar de publicación, distribución, etc. Madrid :
Nombre del editor, distribuidor, etc. [s.n.],
Fecha de publicación, distribución, etc. 1872 (
Fabricante Imp. de José Rodríguez)
300 ## - DESCRIPCIÓN FÍSICA
Extensión 28 p. ;
Dimensiones 18 cm.
500 ## - NOTA GENERAL
Nota general Estrenado con extraordinario aplauso en el Teatro de Variedades, el 19 de enero de 1872.
610 24 - PUNTO DE ACCESO ADICIONAL DE MATERIA--NOMBRE DE ENTIDAD CORPORATIVA
Nombre de entidad corporativa o nombre de jurisdicción como elemento de entrada Ateneo de Madrid-
Subdivisión de forma Rifas benéficas.
9 (RLIN) 1934
650 #4 - PUNTO DE ACCESO ADICIONAL DE MATERIA--TÉRMINO DE MATERIA
Término de materia o nombre geográfico como elemento de entrada Terremotos-
Subdivisión geográfica Andalucía-
Subdivisión cronológica S.XIX.
9 (RLIN) 17487
700 1# - ENTRADA AGREGADA--NOMBRE PERSONAL
Nombre de persona Gil, Constantino.
9 (RLIN) 56721
852 ## - LOCALIZACIÓN
Ubicación ES-MaACL
Número de control de estantería T-370-F-2
Nota libre - Enc. hol., falto de cub. original
-- - Enc. en un vol. facticio
-- - Dedicatoria autógrafa en antep.: "Para la rifa verificada en el Ateneo Científico, Artístico y Literario de Madrid, a beneficio de las víctimas de los terremotos de Andalucía. Constantino Gil, Madrid, 15 de enero de 1885"
Holdings
Estatus retirado Estado de pérdida Estado de daño No para préstamo Colección Biblioteca de origen Biblioteca actual Ubicación en estantería Fecha de adquisición Total de préstamos Signatura topográfica completa Código de barras Visto por última vez Precio de reemplazo Tipo de ítem Koha
        Colección de folletos Biblioteca del Ateneo de Madrid Biblioteca del Ateneo de Madrid Depósito folletos 17/01/2008   T-370-F-2 1171793 23/02/2023 23/02/2023 Folleto